السياسة الاجتماعية المتكاملة :رؤى واستراتيجيات في منطقة الإسكوا التقرير الثالث / (رقم التسجيلة. 123402)

تفاصيل مارك
000 -LEADER
fixed length control field 00753nam a22001817a 4500
005 - DATE AND TIME OF LATEST TRANSACTION
control field 20251108175006.0
008 - FIXED-LENGTH DATA ELEMENTS--GENERAL INFORMATION
fixed length control field 250721s9999 xx 000 0 ara d
082 14 - DEWEY DECIMAL CLASSIFICATION NUMBER
Classification number م/361.6/تقر
245 10 - TITLE STATEMENT
Title السياسة الاجتماعية المتكاملة :رؤى واستراتيجيات في منطقة الإسكوا التقرير الثالث /
246 11 - VARYING FORM OF TITLE
Title proper/short title اللجنة الاقتصادية والاجتماعية لغربي آسيا
264 1# - PRODUCTION, PUBLICATION, DISTRIBUTION, MANUFACTURE, AND COPYRIGHT NOTICE
Place of production, publication, distribution, manufacture لبنان :
Name of producer, publisher, distributor, manufacturer اللجنة الاقتصادية والاجتماعية الاسكوا،
300 ## - PHYSICAL DESCRIPTION
Extent 67ص.
650 17 - SUBJECT ADDED ENTRY--TOPICAL TERM
Topical term or geographic name as entry element علم الاجتماع
650 17 - SUBJECT ADDED ENTRY--TOPICAL TERM
Topical term or geographic name as entry element التنمية الاجتماعية والاقتصادية
650 17 - SUBJECT ADDED ENTRY--TOPICAL TERM
Topical term or geographic name as entry element الاقتصاد
942 ## - ADDED ENTRY ELEMENTS (KOHA)
Source of classification or shelving scheme Dewey Decimal Classification
Koha item type مراجع
المقتنيات
حالة السحب حالة الفقدان مصدر التصنيف حالة التلف غير قابل للإعارة المكتبة الرئيسية المكتبة الحالية موقع الرف تاريخ التزويد الرقم المتسلسل Total Checkouts رقم الإستدعاء الباركود تاريخ آخر ظهور تاريخ الفاتورة نوع المادة (كوها)
    Dewey Decimal Classification   Not For Loan المكتبة المركزية المكتبة المركزية مراجع 28/07/2025 1424616   م/361.6/تقر PLD00207442 28/07/2025 28/07/2025 مراجع
Implemented & Customized by: BBB with SCIT (Smart Chains for Information Technology)

Powered by Koha